嵐 ソロ楽曲 - Statistics

General Stats
  • This quiz has been taken 51 times
  • The average score is 30 of 52
Answer Stats
メンバー 収録 楽曲名 % Correct
二宮和也 Time
90%
櫻井翔 僕の見ている風景 T.A.B.O.O
88%
櫻井翔 Are You Happy? Sunshine
73%
大野智 Popcorn two
73%
櫻井翔 Beautiful World このままもっと
70%
相葉雅紀 Popcorn 楽園
70%
二宮和也 One 秘密
68%
二宮和也 Popcorn それはやっぱり君でした
68%
相葉雅紀 Are You Happy? Amore
68%
松本潤 Beautiful World Shake it!
68%
大野智 Japonism
65%
相葉雅紀 Beautiful World 「じゃなくて」
65%
相葉雅紀 LOVE 夜空への手紙
65%
大野智 Are You Happy? Bad boy
65%
相葉雅紀 THE DIGITALIAN Disco Star
65%
松本潤 Japonism Don’t you love me?
65%
櫻井翔 THE DIGITALIAN Hey Yeah!
65%
大野智 LOVE Hit the floor
65%
相葉雅紀 Japonism Mr. FUNK
65%
大野智 僕の見ている風景 静かな夜に
63%
二宮和也 Beautiful World どこにでもある唄。
63%
二宮和也 THE DIGITALIAN メリークリスマス
63%
二宮和也 Are You Happy? また今日と同じ明日が来る
63%
松本潤 Are You Happy? Baby blue
63%
二宮和也 Japonism MUSIC
63%
松本潤 僕の見ている風景 Come back to me
60%
櫻井翔 Popcorn Fly on Friday
60%
大野智 Beautiful World Hung up on
60%
松本潤 THE DIGITALIAN STAY GOLD
60%
櫻井翔 LOVE sugar and salt
60%
松本潤 Time Yabai-Yabai-Yabai
60%
二宮和也 LOVE 20825日目の曲
58%
相葉雅紀 僕の見ている風景 Magical Song
58%
櫻井翔 Japonism Rolling days
58%
大野智 THE DIGITALIAN Imaging Crazy
55%
大野智 One Rain
55%
二宮和也 僕の見ている風景 1992*4##111
53%
松本潤 LOVE Dance in the dark
50%
相葉雅紀 Dream“A”live Hello Goodbye
50%
櫻井翔 One 夢でいいから
48%
大野智 Time Song for me
48%
松本潤 One W/ME
48%
二宮和也 Dream“A”live Gimmick Game
45%
松本潤 Dream“A”live Naked
45%
松本潤 Popcorn We wanna funk, we need a funk
45%
矢野健太 Believe 曇りのち、快晴
43%
相葉雅紀 Time Friendship
43%
櫻井翔 Dream“A”live Hip Pop Boogie
43%
相葉雅紀 One いつかのSummer
43%
櫻井翔 Time Can’t Let You Go
38%
大野智 Dream“A”live Take me faraway
38%
井上章一 黄色い涙 涙の流れ星
20%
No matching quizzes found
Score Distribution
Percent of People with Each Score
Percentile by Number Answered
Your Score History
You have not taken this quiz